| 000 | 00587nam a2200181 4500 | ||
|---|---|---|---|
| 001 | 13356 | ||
| 005 | 20230410143537.0 | ||
| 008 | 060907n1996 dr spa | ||
| 020 | _a9211124026 | ||
| 035 | _9funglode13471 | ||
| 041 | _aEN | ||
| 050 | 1 | 4 | _aT 49.5 E96 1996 |
| 111 | _aMeeting of on Technology Partnership for Capacity Building and Competitiveness, and recommendations [10-12 april, 1996: Helsinki, Finland] | ||
| 245 | 1 | _aExchanging experiences of technology partnership | |
| 260 |
_aNew Yor : _bUnited Nations, _c1996 |
||
| 300 | _a224 p. | ||
| 942 |
_2lcc _cbk |
||
| 999 |
_c103599 _d103599 |
||